LEADER 01580nam 2200385Ia 450 001 996389529303316 005 20210104172008.0 035 $a(CKB)4940000000094745 035 $a(EEBO)2240864056 035 $a(OCoLC)ocm64551682e 035 $a(OCoLC)64551682 035 $a(EXLCZ)994940000000094745 100 $a20060306d1676 uy 0 101 0 $aeng 135 $aurbn||||a|bb| 200 10$aTheory eydokoyntoz$b[electronic resource] $ethe great preserver of mankind which is alexicacus, spirit of salt of the world, now philosophically prepared and purged from all hurtfull or corroding qualities, for beyond any thing yet known to the world, being both safe and persistant for the use of all men, women and children /$fEmanuel Rhodocanaces 210 $a[London $cs.n.$d1670?] 215 $a1 sheet ([1] p.) 300 $aFirst part of title transliterated from Greek. 300 $aAttributed to Ko?nstantinos Rhodokanake?s. Cf. Wing (2nd ed.). 300 $aPlace and date of publication suggested by Wing (2nd ed.). 300 $aReproduction of original in: Harvard University. Library. 330 $aeebo-0062 606 $aSalt$xTherapeutic use 606 $aMateria medica$vEarly works to 1800 608 $aBroadsides$zLondon (England)$y17th century.$2rbgenr 615 0$aSalt$xTherapeutic use. 615 0$aMateria medica 700 $aRhodokanake?s$b Ko?nstantinos$f1635-1689.$01008955 801 0$bUMI 801 1$bUMI 906 $aBOOK 912 $a996389529303316 996 $aTheory eydokoyntoz$92344612 997 $aUNISA LEADER 01280nam a22002891i 4500 001 991003851569707536 005 20040622100123.0 008 040802s2001 it a||||||||||||||||ita 020 $a8882292789 035 $ab13137499-39ule_inst 035 $aARCHE-109010$9ExL 040 $aBiblioteca Interfacoltà$bita$cA.t.i. Arché s.c.r.l. Pandora Sicilia s.r.l. 082 04$a914.5754 245 04$aGli insediamenti rupestri della provincia di Brindisi :$bitinerari turistico-culturali /$ca cura di Antonio Chionna 260 $aFasano :$bSchena,$cc2001 300 $a59 p. :$bill. ;$c24 cm 500 $aIn testa al front.: Progetto di iniziativa comunitaria Interreg II Italia-Grecia ; Brindisi Azienda di promozione turistica 650 4$aArchitettura rupestre$zBrindisi (Territorio) 650 4$aArte rupestre$zBrindisi (Territorio) 650 4$aInsediamenti rupestri$zBrindisi (Provincia) 700 1 $aChionna, Antonio 907 $a.b13137499$b02-04-14$c05-08-04 912 $a991003851569707536 945 $aLE002 Sal. VI C 30$g1$i2002000355652$lle002$nC. 1$o-$pE0.00$q-$rn$so $t0$u3$v0$w3$x0$y.i13774359$z05-08-04 996 $aInsediamenti rupestri della provincia di Brindisi$9309313 997 $aUNISALENTO 998 $ale002$b05-08-04$cm$da $e-$fita$git $h4$i1